000 00214nam a22000857a 4500
008 161227b xxu||||| |||| 00| 0 eng d
100 _92194
_aGupta.S.P
245 _aWork Book SST CiVics-6
260 _aNew Delhi
_bAPC
_c2011
999 _c5082
_d5082